Normal view MARC view

Entry Nombre personal

Number of records used in: 1

001 - NÚMERO DE CONTROL

  • campo de control: 576

003 - IDENTIFICADOR DE NÚMERO DE CONTROL

  • campo de control: DLC

005 - FECHA Y HORA DE LA ÚLTIMA TRANSACCIÓN

  • campo de control: 20260223152756.0

008 - ELEMENTOS DE DATO DE LONGITUD-FIJA

  • campo de control de longitud fija: 860116n| azannaab |n aaa

010 ## - NÚMERO DE CONTROL DE LA BIBLIOTECA DEL CONGRESO

  • Número de control de LC: n 85135776
  • Número de control de LC cancelado o no válido: n 2015002445

040 ## - FUENTE DE CATALOGACIÓN

  • Centro catalogador/agencia de origen: DLC
  • Lengua de catalogación: eng
  • Normas de descripción: rda
  • Centro/agencia transcriptor: DLC
  • Centro/agencia modificador: DLC

100 1# - ENCABEZAMIENTO-NOMBRE DE PERSONA

  • Nombre de persona: Snyder, Bernadette McCarver

670 ## - FUENTE DE DATOS ENCONTRADOS

  • Cita de la fuente: Her More graham crackers, galoshes, and God, c1985:
  • Información encontrada: t.p. (Bernadette McCarver Snyder)

670 ## - FUENTE DE DATOS ENCONTRADOS

  • Cita de la fuente: Graham crackers, galoshes, and God, 1995:
  • Información encontrada: CIP t.p. (Bernadette McCarver Snyder) data sheet (b. 12-06-30)

670 ## - FUENTE DE DATOS ENCONTRADOS

  • Cita de la fuente: Senior moments, 2014:
  • Información encontrada: t.p. (Bernadette McCarver Snyder)